日本の難読地名 141コ - Statistics

General Stats
  • This quiz has been taken 95 times
  • The average score is 65 of 141
Answer Stats
漢字(都道府県) 読み方 % Correct
弘前(青森) ひろさき
93%
熱海(静岡県) あたみ
93%
大船渡(岩手県) おおふなと
92%
糸魚川(新潟県) いといがわ
92%
日暮里(東京都) にっぽり
89%
逗子(神奈川県) ずし
89%
氷見(富山県) ひみ
89%
常滑(愛知県) とこなめ
88%
音威子府(北海道) おといねっぷ
86%
女川(宮城県) おながわ
86%
等々力(東京都) とどろき
86%
相生(兵庫県) あいおい
86%
米子(鳥取県) よなご
86%
諫早(長崎県) いさはや
86%
宗像(福岡県) むなかた
85%
指宿(鹿児島県) いぶすき
85%
真岡(栃木県) もおか
84%
新発田(新潟県) しばた
84%
尾鷲(三重県) おわせ
84%
百舌鳥(大阪府) もず
84%
都留(山梨県) つる
82%
都城(宮崎県) みやこのじょう
82%
登米(宮城県) とめ
81%
秦野(神奈川県) はだの
81%
夢洲(大阪府) ゆめしま
81%
安曇野(長野県) あづみの
80%
東近江(滋賀県) ひがしおうみ
80%
三次(広島県) みよし
80%
白楽町(岡山県) | 馬喰町(東京都) ばくろちょう
78%
珠洲(石川県) すず
78%
高梁(岡山県) たかはし
78%
出水(熊本県) いずみ
78%
行橋(福岡県) ゆくはし
77%
直方(福岡県) のおがた
77%
潮来(茨城県) いたこ
76%
加須(埼玉県) かぞ
76%
寒河江(山形県) さがえ
74%
小千谷(新潟県) おぢや
74%
羽咋(石川県) はくい
74%
城崎(兵庫県) きのさき
74%
美作(岡山県) みまさか
74%
茂木(栃木県) もてぎ
73%
滑川(富山県) なめりかわ
73%
各務原(岐阜県) かかみがはら
73%
伯耆(鳥取県) ほうき
73%
美祢(山口県) みね
73%
納沙布(北海道) のさっぷ
72%
壬生(栃木県) みぶ
72%
酒々井(千葉県) しすい
72%
栗東(滋賀県) りっとう
72%
金武(沖縄県) きん
72%
匝瑳(千葉県) そうさ
70%
南木曾(長野県) なぎそ
70%
膳所(滋賀県) ぜぜ
70%
養父(兵庫県) やぶ
70%
防府(山口県) ほうふ
70%
鹿角(秋田県) かづの
69%
郡上(岐阜県) ぐじょう
66%
勿来(福島県) なこそ
65%
弟子屈(北海道) てしかが
62%
御所(奈良県) ごせ
62%
紫波(岩手県) しわ
61%
桑折(福島県) こおり
61%
京終(奈良県) きょうばて
61%
西海(長崎県) さいかい
58%
川内川(宮崎県) せんだいがわ
58%
喜屋武(沖縄県) きゃん
57%
階上(青森) はしかみ
54%
東彼杵(長崎県) ひがしそのぎ
53%
邑楽(群馬県) おうら
51%
土庄(香川県) とのしょう
50%
私市町(京都府) きさいちちょう
47%
神流(群馬県) かんな
46%
木曾岬(三重県) きそさき
46%
尾立(高知県) | 日出(大分県) ひじ
46%
雲母坂(京都府) きららざか
45%
止々呂美(大阪府) とどろみ
43%
温泉津(島根県) ゆのつ
42%
温海(山形県) あつみ
38%
府中(徳島県) こう
38%
多比良(群馬県) たいら
35%
夏油(岩手県) げとう
34%
且来(和歌山県) | 朝来(和歌山県) あっそ
34%
洗馬(長野県) せば
30%
御手洗(岐阜県) みたらし
28%
麻植(徳島県) おえ
28%
轟(福井県) どめき
27%
〆谷(徳島県) しめだに
27%
寒川(香川県) さんがわ
26%
五十猛(島根県) いそたけ
23%
戸坂(広島県) へさか
23%
警固屋(広島県) けごや
23%
初月(高知県) みかづき
23%
五十川(山形県) いらがわ
18%
十二月田(埼玉県) しわすだ
18%
艮町(京都府) うしとらちょう
18%
神影(宮崎県) みかげ
18%
山階(香川県) やましな
16%
清水(福井県) しょうず
12%
介良(高知県) けら
12%
温水(神奈川県) ぬるみず
9%
高城(鹿児島県) たき
9%
大豆戸(埼玉県) まめど
8%
八戸(佐賀県) やえ
8%
大角豆(茨城県) ささぎ
7%
政所(山口県) まどころ
7%
明日(愛媛県) あけび
7%
十六島町(島根県) うっぷるい
5%
竹生(秋田県) たこう
4%
木葉下町(茨城県) あぼっけちょう
4%
鬮野川(和歌山県) くじのかわ
4%
鯆越(愛媛県) いるかごえ
4%
雲谷(青森) もや
3%
掃部丁(宮城県) かもんちょう
3%
観音下町(石川県) かながそまち
3%
兀山町(愛知県) はげやまちょう
3%
米納津(佐賀県) よのづ
3%
三ヶ月(千葉県) みこぜ
1%
糸魚町(福井県) いとよちょう
1%
右左口(山梨県) うばぐち
1%
黄柳野(愛知県) つげの
1%
真玉橋(沖縄県) まだんばし
1%
大凹(秋田県) おおひど
0%
日下石(福島県) にっけし
0%
綾田町(富山県) あいでんまち
0%
黒桂(山梨県) つづら
0%
五十海(静岡県) いかるみ
0%
平田町(静岡県) なめだちょう
0%
東大淀(三重県) ひがしおいず
0%
十六面(奈良県) じゅうろくせん
0%
車尾(鳥取県) くずも
0%
袋口(愛媛県) ふろく
0%
馬蛤潟(佐賀県) まてがた
0%
投刀塚(熊本県) なたつか
0%
鮗ヶ浦(熊本県) このしがうら
0%
一尺八寸山(大分県) みおうやま
0%
烏嶽(大分県) うがく
0%
勝能(鹿児島県) かちゆき
0%
No matching quizzes found
Score Distribution
Percent of People with Each Score
Percentile by Number Answered
Your Score History
You have not taken this quiz